000 00339nam a2200157Ia 4500
008 210210b1941 xxu||||| |||| 00| 0 eng d
041 _aeng
082 _a874/60
100 _a-
245 _aSahithya bushanam
260 _a
_b-
_c1941
650 _aSahithya
650 _abushanam
690 _aMalayalam Criticism
906 _a002643
999 _c124610
_d124610